| 000 | 00381 a2200169 4500 | ||
|---|---|---|---|
| 001 | 74341 | ||
| 020 | _a9788580101171 | ||
| 040 | _cAnchieta - Colégio São Paulo | ||
| 100 | _aOgg, Cilé Terezinha Toledo | ||
| 240 | 1 | 0 |
_aGeografia _lpor |
| 245 | 1 | 0 | _aGeografia |
| 300 | _a120 | ||
| 362 | 0 | _a2011 | |
| 440 | 1 | _aEditora do Brasil | |
| 650 | 4 | _aGeografia e viagens | |
| 942 | _cBK | ||
| 999 |
_c74341 _d74341 |
||